The skills of management / (Record no. 11372)
[ view plain ]
| 000 -LEADER | |
|---|---|
| fixed length control field | 00971nam a22002898a 4500 |
| 001 - CONTROL NUMBER | |
| control field | 1616605 |
| 005 - DATE AND TIME OF LATEST TRANSACTION | |
| control field | 19950713134921.0 |
| 008 - FIXED-LENGTH DATA ELEMENTS--GENERAL INFORMATION | |
| fixed length control field | 950711s1996 nyu b 001 0 eng |
| 010 ## - LIBRARY OF CONGRESS CONTROL NUMBER | |
| LC control number | 95035014 |
| 020 ## - INTERNATIONAL STANDARD BOOK NUMBER | |
| International Standard Book Number | 9781844806454 |
| 040 ## - CATALOGING SOURCE | |
| Original cataloging agency | DLC |
| Transcribing agency | DLC |
| 050 00 - LIBRARY OF CONGRESS CALL NUMBER | |
| Classification number | HD31 |
| Item number | .R437 1996 |
| 082 00 - DEWEY DECIMAL CLASSIFICATION NUMBER | |
| Classification number | 658 |
| Edition number | 20 |
| Item number | REE |
| 100 1# - MAIN ENTRY--PERSONAL NAME | |
| Personal name | Rees, W. David. |
| 9 (RLIN) | 4008 |
| 245 14 - TITLE STATEMENT | |
| Title | The skills of management / |
| Statement of responsibility, etc | W. David Rees. |
| 250 ## - EDITION STATEMENT | |
| Edition statement | 6th ed. |
| 260 ## - PUBLICATION, DISTRIBUTION, ETC. (IMPRINT) | |
| Place of publication, distribution, etc | New York : |
| Name of publisher, distributor, etc | Routledge, |
| Date of publication, distribution, etc | 2008 |
| 263 ## - PROJECTED PUBLICATION DATE | |
| Projected publication date | 9603 |
| 300 ## - PHYSICAL DESCRIPTION | |
| Extent | 406p.; |
| Dimensions | 26 cm. |
| 500 ## - GENERAL NOTE | |
| General note | Includes index |
| 504 ## - BIBLIOGRAPHY, ETC. NOTE | |
| Bibliography, etc | Includes bibliographical references and index. |
| 650 #0 - SUBJECT ADDED ENTRY--TOPICAL TERM | |
| Topical term or geographic name as entry element | Management. |
| 9 (RLIN) | 4009 |
| 700 ## - ADDED ENTRY--PERSONAL NAME | |
| 9 (RLIN) | 4007 |
| Personal name | Porter, Christine |
| 942 ## - ADDED ENTRY ELEMENTS (KOHA) | |
| Source of classification or shelving scheme | Dewey Decimal Classification |
| Item type | Book - Borrowing |
| Withdrawn status | Item status | Source of classification or shelving scheme | Damaged status | Not for loan | Vendor | Home library | Current library | Shelving location | Date acquired | Source of acquisition | Cost, normal purchase price | Serial Enumeration / chronology | Total Checkouts | Total Renewals | Full call number | Barcode | Date last seen | Date last borrowed | Koha item type |
|---|---|---|---|---|---|---|---|---|---|---|---|---|---|---|---|---|---|---|---|
| Dewey Decimal Classification | Alahram | Central Library | Central Library | First floor | 22/04/2009 | 365.50 | 349 | 5 | 40 | 658 REE | 000016034 | 15/07/2025 | 10/12/2019 | Book - Borrowing |